ARRUPE JESUIT UNIVERSITY

CORONAVIRUS -STOP THE SPREAD - CLEAN,DISINFECT,COVER

Ruth First / (Record no. 4785)

MARC details
000 -LEADER
fixed length control field 01089cam a2200325 a 4500
001 - CONTROL NUMBER
control field 2097792
005 - DATE AND TIME OF LATEST TRANSACTION
control field 20170529115604.0
008 - FIXED-LENGTH DATA ELEMENTS--GENERAL INFORMATION
fixed length control field 950728s1995 sa a b 000 0beng d
010 ## - LIBRARY OF CONGRESS CONTROL NUMBER
LC control number 95184399
020 ## - INTERNATIONAL STANDARD BOOK NUMBER
International Standard Book Number 0636019543
035 ## - SYSTEM CONTROL NUMBER
System control number (OCoLC)34404354
035 ## - SYSTEM CONTROL NUMBER
System control number (NOTISUF)AKP6325
040 ## - CATALOGING SOURCE
Original cataloging agency FU
Transcribing agency FU
Modifying agency DLC
042 ## - AUTHENTICATION CODE
Authentication code lccopycat
043 ## - GEOGRAPHIC AREA CODE
Geographic area code f-sa---
050 00 - LIBRARY OF CONGRESS CALL NUMBER
Classification number DT1927.F57
Item number P56 1995
100 1# - MAIN ENTRY--PERSONAL NAME
Personal name Pinnock, Don.
9 (RLIN) 31415
245 10 - TITLE STATEMENT
Title Ruth First /
Statement of responsibility, etc Don Pinnock.
260 ## - PUBLICATION, DISTRIBUTION, ETC. (IMPRINT)
Place of publication, distribution, etc Cape Town :
Name of publisher, distributor, etc Maskew Miller Longman,
Date of publication, distribution, etc 1995.
300 ## - PHYSICAL DESCRIPTION
Extent 68 p. :
Other physical details ill. ;
Dimensions 21 cm.
440 #0 - SERIES STATEMENT/ADDED ENTRY--TITLE
Title They fought for freedom
9 (RLIN) 31416
504 ## - BIBLIOGRAPHY, ETC. NOTE
Bibliography, etc Includes bibliographical references (p. 68).
600 10 - SUBJECT ADDED ENTRY--PERSONAL NAME
Personal name First, Ruth,
Dates associated with a name 1925-1982.
9 (RLIN) 31417
650 #0 - SUBJECT ADDED ENTRY--TOPICAL TERM
Topical term or geographic name as entry element Journalists
Geographic subdivision South Africa
General subdivision Biography.
9 (RLIN) 31418
651 #0 - SUBJECT ADDED ENTRY--GEOGRAPHIC NAME
Geographic name South Africa
General subdivision Race relations.
9 (RLIN) 31419
906 ## - LOCAL DATA ELEMENT F, LDF (RLIN)
a 7
b cbc
c copycat
d 3
e ncip
f 19
g y-gencatlg
942 ## - ADDED ENTRY ELEMENTS (KOHA)
Source of classification or shelving scheme Library of Congress Classification
Item type Monograph ( Printed materials)
Holdings
Withdrawn status Lost status Source of classification or shelving scheme Damaged status Not for loan Collection code Home library Current library Shelving location Date acquired Total Checkouts Full call number Barcode Date last seen Copy number Price effective from Koha item type
    Library of Congress Classification     Main Collection ARRUPE LIBRARY ARRUPE LIBRARY   27/02/2013   DT1927.F57P56 1995 46406363 27/02/2013 1 27/02/2013 Monograph ( Printed materials)

 

Arrupe Library. PO Box MP320 Mt Pleasant, Harare, Zimbabwe
263 242 745411|librarian@aju.ac.zw